00956nam a22002297a 4500999001700000003000900017008004100026040007100067082001500138100002400153245006200177260003700239300002600276505018200302650002200484650002800506700003000534700003100564942001600595945002000611952009500631 c19654d19654AR-CdUCM190518b ||||| |||| 00| 0 spa d aMUNICIPALIDAD PROVINCIAL DEL CUSCOcBIBLIOTECA MUNICIPAL DEL CUSCO a301 /bL32 aLazarsfeld, Paul F. aPlanificación sociológica de los problemas sociales / aBuenos Aires :bPaidós,c1971. a221 paginas ;c23 cm. aContenido: La pobreza urbana y la planificación social -- El resurgimiento de la planificación social -- Del tratamiento de la delincuencia al desarrollo de la comunidad ... aSociología9276 aPolítica social94012 aSewell, William H.941116 aWilensky, Harold L.935442 2ddccLIBROS aacvd2019-05-18 002ddc4070aSHbSHcCARTd2019-05-18g30.00o301 / L32pSH0000014654r2019-05-18yLIBROS